000 01229nam a2200325 i 4500
001 7849
003 KOSZ 005
005 20200630132817.0
008 950707s1969 pl f |000 0 pol d
040 _cKOSZ 005/HR
_aKOSZ 005/HR
_dKOSZ 005/HR
041 _apol
046 _k1969
080 _a62
245 0 0 _aPodstawowe problemy współczesnej techniki.
_nT.13 /
_c[red. Ignacy Malecki, Jan Pląskowski, Ariadna Karczewska.
260 _aWarszawa :
_bPaństwowe Wydawnictwo Naukowe,
_c1969.
300 _a182 s. :
_bil. ;
_c24 cm.
380 _aKsiążki
388 _a1901-2000
388 _a1945-1989
490 1 _aSeria Popularnonaukowa Wydziału Nauk Technicznych Polskiej Akademii Nauk.
658 _aInżynieria i technika
650 4 _aTechnika
700 1 _aKarczewska, Ariadna
_eRedakcja
700 1 _aMalecki, Ignacy
_d(1912-2004)
_eRedakcja
700 1 _aPląskowski, Jan
_d(1904-1973)
_eRedakcja
710 2 _aPaństwowe Wydawnictwo Naukowe
_4pbl.
856 _uhttp://koha.tu.koszalin.pl/cgi-bin/koha/opac-detail.pl?biblionumber=7849
_yKatalog online BPK
830 0 _aSeria Popularnonaukowa Wydziału Nauk Technicznych Polskiej Akademii Nauk
942 _cKS
_2UKD
999 _c7849
_d7849